| 000 | 00615nam a2200193 i 4500 | ||
|---|---|---|---|
| 001 | 103778 | ||
| 003 | ES-MaACL | ||
| 005 | 20230906183437.0 | ||
| 007 | t| | ||
| 008 | 051118s1956 sp ||||1| spa d | ||
| 100 | 1 |
_aMeseguer, Pedro. _980656 |
|
| 245 | 1 | 3 |
_aEl secreto de los sueños _b: Psicología. Metapsíquica. Teología / _c: Pedro Meseguer. |
| 260 |
_aMadrid : _bRazón y Fé, _c1956. |
||
| 300 |
_a287 p. ; _c20 cm. |
||
| 490 | 1 |
_aPsicología, medicina, pastoral ; _v11 |
|
| 830 | 0 |
_aPsicología, medicina, pastoral ; _v11 _9180800 |
|
| 852 |
_aES-MaACL _jC-11383 _bR.39484 |
||
| 999 |
_c103778 _d103778 |
||